[Event "4th Budapest Open"]
[Site "Budapest, Hungary"]
[Date "2014.08.22"]
[Round "7.14"]
[White "Szecsi, Peter"]
[Black "Kovacs, Judit"]
[Result "0-1"]
[WhiteElo "1858"]
[BlackElo "1729"]
[PlyCount "74"]
[EventDate "2014.??.??"]

1. e4 c5 2. Nc3 Nc6 3. g3 Nf6 4. Bg2 g6 5. d3 Bg7 6. f4 d6 7. Nf3 O-O 8. O-O
Rb8 9. Rb1 b5 10. a3 a5 11. Re1 Nd4 12. Ne2 Nxf3+ 13. Bxf3 Bb7 14. Be3 Qc7 15.
g4 Nd7 16. Ng3 Nb6 17. b3 d5 18. Qe2 e6 19. Qf2 d4 20. Bd2 Nd7 21. Bg2 a4 22.
bxa4 bxa4 23. e5 Bd5 24. Bxd5 exd5 25. Qg2 Qc6 26. c4 dxc3 27. Bxc3 Rb3 28.
Rxb3 axb3 29. d4 Re8 30. Qb2 c4 31. Bb4 Bf8 32. Bxf8 Kxf8 33. f5 Kg8 34. fxg6
Qxg6 35. h3 Qd3 36. Qf2 b2 37. Rf1 Rf8 0-1

[Event "4th Budapest Open"]
[Site "Budapest, Hungary"]
[Date "2014.08.22"]
[Round "7.15"]
[White "Bartuszek, Andras"]
[Black "Kovacsy, Barnabas"]
[Result "0-1"]
[WhiteElo "1884"]
[BlackElo "1622"]
[PlyCount "62"]
[EventDate "2014.??.??"]

1. e4 c6 2. d4 d5 3. Nd2 dxe4 4. Nxe4 Bf5 5. Ng3 Bg6 6. h4 h6 7. Nf3 Nd7 8. h5
Bh7 9. Bd3 Bxd3 10. Qxd3 e6 11. Bd2 Ngf6 12. O-O-O Be7 13. Kb1 O-O 14. Qe2 Rc8
15. Nf1 c5 16. g4 Nxg4 17. Rg1 f5 18. Qxe6+ Kh8 19. Bc3 Rc6 20. Qe2 Bf6 21. Ne5
Ndxe5 22. dxe5 Qe7 23. f4 Bh4 24. Nh2 Nf2 25. e6 Nxd1 26. Bxg7+ Qxg7 27. Rxg7
Kxg7 28. Qxd1 Rxe6 29. Nf3 Rfe8 30. Ne5 Rxe5 31. fxe5 Rxe5 0-1

[Event "4th Budapest Open"]
[Site "Budapest, Hungary"]
[Date "2014.08.22"]
[Round "7.17"]
[White "Horvath, Dominik"]
[Black "Di Giovanni, Vilmos"]
[Result "1-0"]
[WhiteElo "2004"]
[BlackElo "1784"]
[PlyCount "39"]
[EventDate "2014.??.??"]

1. e4 d5 2. exd5 Nf6 3. Nf3 Nxd5 4. d4 g6 5. c4 Nb6 6. Nc3 Bg7 7. c5 Nd5 8. Bc4
e6 9. O-O Nxc3 10. bxc3 b6 11. Re1 O-O 12. Bg5 f6 13. Bh4 g5 14. Bg3 bxc5 15.
d5 g4 16. dxe6 Qe7 17. Nh4 f5 18. Nxf5 Rxf5 19. Qd8+ Bf8 20. Qxc8 1-0

[Event "4th Budapest Open"]
[Site "Budapest, Hungary"]
[Date "2014.08.22"]
[Round "7.18"]
[White "Nagy, Aron"]
[Black "Karacsonyi, Gellert"]
[Result "1-0"]
[WhiteElo "2145"]
[BlackElo "1806"]
[PlyCount "49"]
[EventDate "2014.??.??"]

1. d4 f5 2. g3 Nf6 3. Bg2 g6 4. Nf3 Bg7 5. O-O O-O 6. Nbd2 d6 7. Re1 Qe8 8. e4
f4 9. e5 Nd5 10. Ng5 Nb6 11. exd6 fxg3 12. hxg3 cxd6 13. c3 e5 14. dxe5 dxe5
15. a4 Nc6 16. a5 Nd7 17. Qb3+ Kh8 18. Ne6 Rb8 19. Nxf8 Qxf8 20. Ne4 Nf6 21.
Ng5 h6 22. Nf7+ Kh7 23. Bxc6 Qc5 24. Bg2 Ng4 25. Be3 1-0

[Event "4th Budapest Open"]
[Site "Budapest, Hungary"]
[Date "2014.08.22"]
[Round "7.19"]
[White "Kalmar, Karoly"]
[Black "Lakat, Gyula"]
[Result "0-1"]
[WhiteElo "1942"]
[BlackElo "1756"]
[PlyCount "88"]
[EventDate "2014.??.??"]

1. e4 c5 2. Nc3 Nc6 3. g3 e6 4. Bg2 d6 5. f4 a6 6. Nf3 Qc7 7. d3 Be7 8. Be3 b6
9. O-O Bb7 10. Qd2 h5 11. h3 O-O-O 12. Ng5 Bf6 13. Rae1 Bd4 14. Nd1 Re8 15. c3
Bxe3+ 16. Nxe3 f6 17. Nf3 g6 18. f5 gxf5 19. exf5 Nd8 20. fxe6 Rxe6 21. Nf5 Ne7
22. N3h4 Nxf5 23. Nxf5 Rhe8 24. Bxb7+ Nxb7 25. Rxe6 Rxe6 26. Qg2 Kb8 27. d4 Qd7
28. Qf3 Qb5 29. Rf2 Re1+ 30. Kh2 Qa4 31. b3 Qa3 32. Qxh5 Qc1 33. Qf3 Ka7 34. h4
a5 35. h5 cxd4 36. cxd4 Qg5 37. g4 d5 38. Re2 Ra1 39. h6 Nd6 40. h7 Qc1 41. Qg2
Nxf5 42. Re7+ Nxe7 43. h8=Q Qc7+ 44. Kh3 Ng6 0-1

[Event "4th Budapest Open"]
[Site "Budapest, Hungary"]
[Date "2014.08.22"]
[Round "7.20"]
[White "Dal Bianco, Nicola"]
[Black "Bellan, Istvan"]
[Result "1/2-1/2"]
[WhiteElo "1633"]
[BlackElo "1884"]
[PlyCount "77"]
[EventDate "2014.??.??"]

1. c4 Nf6 2. Nc3 g6 3. e4 d6 4. d4 Bg7 5. Nf3 O-O 6. Be2 Nbd7 7. O-O e5 8. dxe5
Nxe5 9. Nxe5 dxe5 10. Qxd8 Rxd8 11. Bg5 c6 12. Rad1 Be6 13. b3 h6 14. Be3 b6
15. f3 Bf8 16. Rxd8 Rxd8 17. Rd1 Rxd1+ 18. Nxd1 g5 19. g4 Nd7 20. Bd2 Bc5+ 21.
Kg2 Bd4 22. Ne3 Kf8 23. Nc2 a5 24. Be3 Bxe3 25. Nxe3 Ke7 26. a3 Kd6 27. b4 axb4
28. axb4 f6 29. Kf2 Nb8 30. Ke1 Bc8 31. Kd2 Na6 32. Kc3 c5 33. b5 Nc7 34. Nd5
Nxd5+ 35. cxd5 Bd7 36. h3 Be8 37. Kc4 h5 38. Bd3 hxg4 39. hxg4 1/2-1/2

[Event "4th Budapest Open"]
[Site "Budapest, Hungary"]
[Date "2014.08.22"]
[Round "7.21"]
[White "Szurkos, Andras"]
[Black "Gal, Janos"]
[Result "1/2-1/2"]
[WhiteElo "1775"]
[BlackElo "1948"]
[PlyCount "136"]
[EventDate "2014.??.??"]

1. e4 Nf6 2. e5 Nd5 3. Nf3 d6 4. Bc4 Be6 5. Ng5 g6 6. Nxe6 fxe6 7. Qg4 Qd7 8.
d4 dxe5 9. dxe5 Nc6 10. f4 Nd4 11. Bb3 Nxb3 12. axb3 Nb4 13. Na3 Qc6 14. O-O
Kf7 15. c3 Qc5+ 16. Kh1 Nd3 17. Qf3 Rd8 18. Be3 Qd5 19. Qe2 Bh6 20. Nc4 a6 21.
Nd2 Kg7 22. Kg1 Nxe5 23. Bd4 Kg8 24. fxe5 c5 25. Qf2 Rf8 26. Qh4 Bxd2 27. Qxe7
Bf4 28. Bxc5 Rf7 29. Qd6 Bxe5 30. Qb6 Bc7 31. Qb4 Rf5 32. Rxf5 gxf5 33. Rf1 Kf7
34. Qc4 Qxc4 35. bxc4 Rd8 36. Be3 Kf6 37. g4 Rg8 38. h3 Rd8 39. Bd4+ Kg6 40.
gxf5+ exf5 41. Re1 Kf7 42. Kf2 Rg8 43. Be5 Bd8 44. Rd1 Ke6 45. Bf4 Be7 46. Rd5
Rc8 47. b3 Rg8 48. Re5+ Kf6 49. Rd5 Rd8 50. Rxd8 Bxd8 51. Kf3 Kg6 52. Be5 Bg5
53. b4 Kh5 54. Bf4 Bf6 55. Bd2 Be5 56. Be1 Kg6 57. c5 Kf6 58. c4 Ke6 59. Ke3
Kd7 60. b5 h6 61. Kd3 h5 62. Ba5 Bf6 63. c6+ Kc8 64. cxb7+ Kxb7 65. bxa6+ Kxa6
66. Bc3 Bg5 67. Kd4 Bf6+ 68. Kd3 Bg5 1/2-1/2

[Event "4th Budapest Open"]
[Site "Budapest, Hungary"]
[Date "2014.08.22"]
[Round "7.22"]
[White "Rajcsanyi, Peter"]
[Black "Ronyai, Imre"]
[Result "1-0"]
[WhiteElo "1860"]
[BlackElo "1540"]
[PlyCount "71"]
[EventDate "2014.??.??"]

1. e4 c5 2. Nf3 e6 3. d4 cxd4 4. Nxd4 Nf6 5. Nc3 d6 6. f4 a6 7. Qf3 Nc6 8. Nb3
Bd7 9. a3 Rc8 10. Be3 b5 11. Bd3 Be7 12. g4 O-O 13. O-O Na5 14. Nxa5 Qxa5 15.
g5 Ne8 16. b4 Qd8 17. Ne2 Bc6 18. Nd4 Bb7 19. Qg3 Qc7 20. Rf2 Qc3 21. Rff1 Bd8
22. f5 e5 23. Ne2 Qc6 24. f6 Kh8 25. fxg7+ Nxg7 26. Qh4 Bb6 27. Qf2 Bxe3 28.
Qxe3 Qd7 29. Qf3 d5 30. Ng3 Rc3 31. Rf2 dxe4 32. Nxe4 Qd4 33. Re1 Rxa3 34. c3
Rxc3 35. Rd1 Rxd3 36. Qxd3 1-0

[Event "4th Budapest Open"]
[Site "Budapest, Hungary"]
[Date "2014.08.22"]
[Round "7.23"]
[White "Abraham, Lajos"]
[Black "Gorog, Almos"]
[Result "1-0"]
[WhiteElo "1803"]
[BlackElo "1627"]
[PlyCount "65"]
[EventDate "2014.??.??"]

1. d4 Nf6 2. c4 e5 3. dxe5 Ng4 4. Nf3 Bc5 5. e3 Nc6 6. e6 fxe6 7. Nd4 Nge5 8.
Nxc6 Qf6 9. Qh5+ Ng6 10. Qxc5 dxc6 11. Nc3 Bd7 12. Ne4 Qf7 13. Be2 b6 14. Qg5
c5 15. O-O h6 16. Qg3 O-O-O 17. Bh5 Be8 18. Bxg6 Qxg6 19. Qxg6 Bxg6 20. Nc3 Bd3
21. Rd1 Bxc4 22. Rxd8+ Rxd8 23. e4 b5 24. Be3 b4 25. Na4 Bxa2 26. Nxc5 e5 27.
g3 b3 28. Kf1 a5 29. Ke2 Rd6 30. Rd1 Rc6 31. Rd5 Kb8 32. Rd8+ Ka7 33. Nxb3+ 1-0

[Event "4th Budapest Open"]
[Site "Budapest, Hungary"]
[Date "2014.08.22"]
[Round "7.24"]
[White "Szlenka, Attila"]
[Black "Bartok, David Dominik"]
[Result "1/2-1/2"]
[WhiteElo "1775"]
[BlackElo "1492"]
[PlyCount "58"]
[EventDate "2014.??.??"]

1. c4 e6 2. Nc3 d5 3. d4 Nf6 4. Nf3 Be7 5. Bf4 c6 6. e3 Nbd7 7. Be2 dxc4 8.
Bxc4 Nd5 9. Bxd5 exd5 10. O-O O-O 11. Qc2 h6 12. Rad1 Nf6 13. Ne5 Ng4 14. h3
Nxe5 15. Bxe5 Bd6 16. Bxd6 Qxd6 17. e4 Qg6 18. Kh2 dxe4 19. Qxe4 Qxe4 20. Nxe4
Be6 21. b3 Bd5 22. Nd6 Rab8 23. Rfe1 g6 24. Re7 b5 25. Rde1 a5 26. Ra7 Ra8 27.
Rxa8 Rxa8 28. Ne4 Bxe4 29. Rxe4 a4 1/2-1/2

[Event "4th Budapest Open"]
[Site "Budapest, Hungary"]
[Date "2014.08.22"]
[Round "7.25"]
[White "Toth, Viktor"]
[Black "Horvath, Csaba"]
[Result "1/2-1/2"]
[WhiteElo "1530"]
[BlackElo "1839"]
[PlyCount "56"]
[EventDate "2014.??.??"]

1. e4 c5 2. Nf3 e6 3. d4 cxd4 4. Nxd4 a6 5. Nc3 Qc7 6. a3 Nf6 7. Be3 Nc6 8. Qd2
b5 9. Be2 Bb7 10. O-O b4 11. axb4 Bxb4 12. f3 O-O 13. Rfd1 d5 14. Nxc6 Bxc6 15.
exd5 Nxd5 16. Nxd5 Bxd2 17. Nxc7 Bxe3+ 18. Kf1 Ra7 19. Nxa6 Rfa8 20. Ra3 Bb6
21. Rda1 Kf8 22. Nb4 Rxa3 23. Rxa3 Rxa3 24. bxa3 Ba4 25. Bd3 Bd4 26. c4 Bb2 27.
Bc2 Bxa3 28. Bxa4 Bxb4 1/2-1/2

[Event "4th Budapest Open"]
[Site "Budapest, Hungary"]
[Date "2014.08.22"]
[Round "7.26"]
[White "Birovecz, Ben Jordan"]
[Black "Szecsi, Pal"]
[Result "1-0"]
[WhiteElo "1410"]
[BlackElo "1882"]
[PlyCount "83"]
[EventDate "2014.??.??"]

1. e4 c5 2. d4 cxd4 3. c3 d5 4. exd5 Qxd5 5. Nf3 Bg4 6. Be2 d3 7. O-O Nf6 8.
Qxd3 Qxd3 9. Bxd3 Bxf3 10. gxf3 e6 11. c4 Nc6 12. Nc3 Be7 13. Be3 a6 14. Rfd1
O-O 15. a3 Ne5 16. Be2 Rac8 17. Rd4 Bc5 18. Rh4 Ng6 19. Bxc5 Nxh4 20. Bxf8 Kxf8
21. Ne4 Nh5 22. Rc1 Nf4 23. Kf1 Nf5 24. c5 Nxe2 25. Kxe2 b6 26. b4 bxc5 27.
Nxc5 Ke7 28. Rd1 a5 29. Rd7+ Ke8 30. Rd1 axb4 31. axb4 Rb8 32. Na6 Rd8 33.
Rxd8+ Kxd8 34. Kd3 Kd7 35. Kc4 Nh4 36. Nc5+ Kc8 37. f4 Nf3 38. b5 Nxh2 39. b6
Ng4 40. Kb5 Nf6 41. Kc6 Nd5 42. b7+ 1-0

[Event "4th Budapest Open"]
[Site "Budapest, Hungary"]
[Date "2014.08.22"]
[Round "7.27"]
[White "Czipp, Janos"]
[Black "Liptak, Tibor"]
[Result "0-1"]
[WhiteElo "1382"]
[BlackElo "1827"]
[PlyCount "56"]
[EventDate "2014.??.??"]

1. Nf3 d5 2. g3 Nf6 3. Bg2 Nc6 4. d4 Bf5 5. O-O e6 6. Nbd2 Bd6 7. c4 O-O 8. Re1
Nb4 9. e4 dxe4 10. Nh4 e3 11. Nxf5 exf2+ 12. Kxf2 Nd3+ 13. Ke3 Nxe1 14. Bxb7
Rb8 15. Nxd6 Qxd6 16. Qxe1 Rxb7 17. Qe2 e5 18. dxe5 Qxe5+ 19. Kf2 Qxe2+ 20.
Kxe2 Re8+ 21. Kd3 c6 22. Nf1 Rd7+ 23. Kc3 Re1 24. Ne3 Ne4+ 25. Kb4 Nf2 26. Kc5
Re7 27. Nc2 Rxc1 28. Rxc1 Nd3+ 0-1

[Event "4th Budapest Open"]
[Site "Budapest, Hungary"]
[Date "2014.08.22"]
[Round "7.28"]
[White "Mihajlova, Diana"]
[Black "Karacsonyi, Kata"]
[Result "1-0"]
[WhiteElo "1492"]
[BlackElo "1377"]
[PlyCount "127"]
[EventDate "2014.??.??"]

1. e4 e5 2. Nf3 Nc6 3. Bb5 Nf6 4. O-O Nxe4 5. Bxc6 dxc6 6. Nxe5 Be7 7. d4 O-O
8. Re1 Nf6 9. c3 Bd6 10. Bg5 Re8 11. Qb3 Qe7 12. Nd2 a5 13. Ndf3 a4 14. Qc2 Qd8
15. Rad1 Be6 16. c4 h6 17. Bxf6 Qxf6 18. d5 cxd5 19. cxd5 Bf5 20. Qc3 a3 21. b3
Qe7 22. Ng4 Qd7 23. Ne3 Be4 24. Nc4 Bf4 25. Nfe5 Bxe5 26. Nxe5 Qf5 27. Nc4 Qg5
28. Ne3 f5 29. g3 f4 30. h4 Qg6 31. Ng2 Qg4 32. Nxf4 Bf3 33. Rc1 Rf8 34. Qxc7
Rac8 35. Qe5 Rce8 36. Qd6 Rd8 37. Qe6+ Kh8 38. Qxg4 Bxg4 39. Ng6+ Kg8 40. Nxf8
Kxf8 41. Rc4 Bh5 42. Re5 Bg6 43. Rc7 b5 44. Ree7 Rxd5 45. Rxg7 Rd6 46. h5 Bxh5
47. Rh7 Kg8 48. Rhe7 Kf8 49. Re5 Bg6 50. Rxb5 Rd8 51. Rbb7 Re8 52. f4 Rd8 53.
g4 Rd1+ 54. Kf2 Rd8 55. f5 Be8 56. Rh7 Kg8 57. f6 Rd2+ 58. Ke3 Rd3+ 59. Kxd3
Bg6+ 60. Kd4 Bxh7 61. Ke5 Bb1 62. Ke6 Bxa2 63. Ke7 Bxb3 64. Rxb3 1-0

[Event "4th Budapest Open"]
[Site "Budapest, Hungary"]
[Date "2014.08.23"]
[Round "8.1"]
[White "Kormos, Adam"]
[Black "Zentai, Peter"]
[Result "0-1"]
[WhiteElo "2144"]
[BlackElo "2236"]
[PlyCount "94"]
[EventDate "2014.??.??"]

1. e4 e6 2. d4 d5 3. Nc3 Nc6 4. Nf3 Nf6 5. Bg5 Be7 6. Bxf6 Bxf6 7. e5 Be7 8. a3
O-O 9. Bd3 f6 10. h4 Qe8 11. h5 Qf7 12. Qd2 fxe5 13. dxe5 Qf4 14. Ne2 Qxd2+ 15.
Kxd2 Bd7 16. Rh3 Rf7 17. Rah1 Raf8 18. Bg6 Rxf3 19. gxf3 Nxe5 20. f4 Ng4 21.
Rc3 c5 22. f3 Nf6 23. Bd3 c4 24. Bxc4 dxc4 25. Rxc4 Nd5 26. Nc3 Bc6 27. Nxd5
Bxd5 28. Ra4 a6 29. Re1 Bd6 30. Ke3 Rf5 31. Rh1 Bc5+ 32. Kd2 Bxf3 33. Re1 Bd5
34. Re5 Rxe5 35. fxe5 Bb6 36. Kd3 Bc7 37. Kd4 a5 38. Kc5 Bxe5 39. Rxa5 Bxb2 40.
Kd6 Kf7 41. Ra7 Kf6 42. a4 Ba3+ 43. Kc7 e5 44. c4 Bc6 45. a5 Bc5 46. Ra8 Bf3
47. Re8 Bxh5 0-1

[Event "4th Budapest Open"]
[Site "Budapest, Hungary"]
[Date "2014.08.23"]
[Round "8.2"]
[White "Balint, Vilmos"]
[Black "Szabolcsi, Janos"]
[Result "0-1"]
[WhiteElo "2187"]
[BlackElo "2324"]
[PlyCount "50"]
[EventDate "2014.??.??"]

1. b3 e5 2. Bb2 Nc6 3. e3 d5 4. Bb5 Bd6 5. c4 Nge7 6. d4 Bb4+ 7. Kf1 dxc4 8.
bxc4 O-O 9. d5 a6 10. Ba4 Na5 11. Bc2 f6 12. Qh5 g6 13. Qe2 b5 14. a3 Bc5 15.
Nd2 Nxc4 16. Nxc4 bxc4 17. h4 a5 18. Qf3 Qxd5 19. Be4 Qd2 20. Bc1 Qc3 21. Rb1
Bf5 22. Bd5+ Kg7 23. e4 Nxd5 24. exf5 Qc2 25. Ra1 Bd4 0-1

[Event "4th Budapest Open"]
[Site "Budapest, Hungary"]
[Date "2014.08.23"]
[Round "8.3"]
[White "Molnar, Laszlo"]
[Black "Markos, Adam"]
[Result "0-1"]
[WhiteElo "2067"]
[BlackElo "2135"]
[PlyCount "58"]
[EventDate "2014.??.??"]

1. e4 d6 2. d4 Nf6 3. Nc3 c6 4. Nf3 Bg4 5. h3 Bxf3 6. Qxf3 e6 7. Bg5 Be7 8. e5
Nd5 9. Bxe7 Qxe7 10. O-O-O dxe5 11. Nxd5 cxd5 12. dxe5 Nc6 13. Qg3 g6 14. f4
Qc5 15. Kb1 O-O-O 16. Qb3 Kb8 17. Qa4 Rc8 18. Bb5 Qf2 19. Rd3 Nb4 20. Rc3 d4
21. Rxc8+ Rxc8 22. Rc1 Nd5 23. Qa3 a6 24. Qd6+ Ka7 25. Bd7 Rc7 26. b4 Qd2 27.
a3 Nc3+ 28. Kb2 Nd1+ 29. Kb1 Qc3 0-1

[Event "4th Budapest Open"]
[Site "Budapest, Hungary"]
[Date "2014.08.23"]
[Round "8.4"]
[White "Grigoryan, Meri"]
[Black "Torok, Tamas Titusz"]
[Result "0-1"]
[WhiteElo "1996"]
[BlackElo "2090"]
[PlyCount "74"]
[EventDate "2014.??.??"]

1. d4 d5 2. Bf4 e6 3. e3 Bd6 4. Qg4 g6 5. Be5 f6 6. Bxd6 Qxd6 7. Nc3 a6 8.
O-O-O Nc6 9. Qg3 Nge7 10. Qxd6 cxd6 11. e4 Kf7 12. exd5 Nxd5 13. Ne4 Rd8 14. c4
Nc7 15. Nf3 d5 16. Nc3 Ne7 17. Na4 b5 18. Nb6 Rb8 19. Nxc8 Rdxc8 20. c5 Nc6 21.
g3 h6 22. Bh3 Re8 23. Rhe1 Rbd8 24. Rd2 e5 25. Red1 e4 26. Ng1 f5 27. Ne2 Ne6
28. Nf4 Ng7 29. Bf1 g5 30. Ng2 Ne6 31. a4 Rb8 32. Ne3 Nc7 33. Kc2 h5 34. axb5
axb5 35. Ra1 f4 36. gxf4 gxf4 37. Nd1 Ne6 0-1

[Event "4th Budapest Open"]
[Site "Budapest, Hungary"]
[Date "2014.08.23"]
[Round "8.5"]
[White "Gal, Tamas"]
[Black "Zoldy, Robert"]
[Result "1-0"]
[WhiteElo "2254"]
[BlackElo "2029"]
[PlyCount "62"]
[EventDate "2014.??.??"]

1. d4 d5 2. c4 e6 3. Nc3 c5 4. Nf3 Nf6 5. cxd5 exd5 6. g3 Nc6 7. Bg2 Be7 8. O-O
O-O 9. Bg5 cxd4 10. Nxd4 h6 11. Be3 Re8 12. Rc1 Bg4 13. Qa4 Qd7 14. Rfd1 a6 15.
Rd2 Rad8 16. Nxd5 Nxd4 17. Qxd4 Nxd5 18. Bxd5 Bf6 19. Qb4 Bxe2 20. Bc4 Qg4 21.
Rxe2 Re4 22. Qb3 Rd7 23. Bd3 Re8 24. Rd2 Rde7 25. Be2 Qh3 26. Qc4 Re4 27. Qd3
g6 28. Bf1 Qh5 29. Bg2 R4e7 30. Rdc2 Bg5 31. Bxg5 hxg5 1-0

[Event "4th Budapest Open"]
[Site "Budapest, Hungary"]
[Date "2014.08.23"]
[Round "8.6"]
[White "Takacs, Kevin"]
[Black "Ats, Laszlo Gyorgy"]
[Result "1-0"]
[WhiteElo "2001"]
[BlackElo "2062"]
[PlyCount "77"]
[EventDate "2014.??.??"]

1. d4 Nf6 2. c4 c5 3. d5 d6 4. Nc3 e5 5. e4 Be7 6. Bd3 O-O 7. Nge2 Nh5 8. Ng3
Nf4 9. Bxf4 exf4 10. Nh5 Qb6 11. Qc2 g5 12. h4 gxh4 13. Nxf4 Nd7 14. Nfe2 Ne5
15. O-O-O Kg7 16. Ng1 Rg8 17. Nf3 Nxf3 18. gxf3 Bg5+ 19. Kb1 Qd8 20. e5 dxe5
21. Ne4 h6 22. Nxc5 b6 23. Ne4 f5 24. Nc3 Qf6 25. d6 Be6 26. Nd5 Bxd5 27. cxd5
Rgc8 28. Qe2 Qxd6 29. Bxf5 Rc5 30. Be6 Re8 31. Qe4 Re7 32. Qf5 Rec7 33. Rhg1
Kh8 34. Rxg5 hxg5 35. Qxg5 Qf8 36. Qh5+ Rh7 37. Qxe5+ Rg7 38. Rh1 Qd8 39. Qd4
1-0

[Event "4th Budapest Open"]
[Site "Budapest, Hungary"]
[Date "2014.08.23"]
[Round "8.7"]
[White "Csala, Imre"]
[Black "Heyl, Thomas"]
[Result "1-0"]
[WhiteElo "2175"]
[BlackElo "2001"]
[PlyCount "103"]
[EventDate "2014.??.??"]

1. d4 d5 2. Nf3 e6 3. c4 c5 4. e3 Nf6 5. Nc3 Nc6 6. Be2 Be7 7. O-O O-O 8. b3 b6
9. dxc5 bxc5 10. cxd5 exd5 11. Ba3 Qa5 12. Qc1 Be6 13. Rd1 Rac8 14. Ng5 Rfd8
15. Nxe6 fxe6 16. Na4 c4 17. Bxe7 Nxe7 18. Qa3 cxb3 19. Qxe7 Re8 20. Qb7 b2 21.
Qxb2 Rb8 22. Qa3 Rb4 23. Rd4 Reb8 24. Bd3 Rb1+ 25. Rxb1 Rxb1+ 26. Bf1 e5 27.
Qc3 Qxc3 28. Nxc3 Rxf1+ 29. Kxf1 exd4 30. exd4 Kf7 31. Ke2 Ke6 32. h3 Nd7 33.
f4 h5 34. g4 hxg4 35. hxg4 Nb6 36. Kf3 g6 37. Kg3 a6 38. Kh4 Kf6 39. Ne2 Na4
40. f5 gxf5 41. g5+ Kg7 42. Kh5 Nb6 43. Nf4 a5 44. g6 Nc4 45. Kg5 Nd6 46. Nxd5
Nb5 47. Nf4 Nxd4 48. Nh5+ Kh8 49. a4 f4 50. Nxf4 Nf3+ 51. Kf6 Nd2 52. Kf7 1-0

[Event "4th Budapest Open"]
[Site "Budapest, Hungary"]
[Date "2014.08.23"]
[Round "8.8"]
[White "Kokeny, Norbert Adrian"]
[Black "Juhasz, Bela"]
[Result "0-1"]
[WhiteElo "1916"]
[BlackElo "2087"]
[PlyCount "128"]
[EventDate "2014.??.??"]

1. Nf3 d5 2. d4 Nf6 3. e3 g6 4. Bd3 Bg7 5. Nbd2 c5 6. c3 Qc7 7. O-O Nbd7 8. e4
dxe4 9. Nxe4 cxd4 10. Nxd4 a6 11. Bg5 O-O 12. Re1 e5 13. Nxf6+ Nxf6 14. Nf3 Re8
15. Qa4 Nd7 16. Qc4 Qxc4 17. Bxc4 Nb6 18. Bb3 Be6 19. Bxe6 Rxe6 20. Rad1 Rae8
21. Re2 f6 22. Bc1 Bf8 23. b3 Rc8 24. Bb2 Rd6 25. Rxd6 Bxd6 26. Rd2 Be7 27. c4
Bb4 28. Rd1 Kf7 29. Kf1 Ke6 30. Ke2 Nd7 31. Rd5 Rc6 32. h3 b5 33. Rd1 bxc4 34.
a3 c3 35. axb4 cxb2 36. Rb1 Rc2+ 37. Nd2 Nb6 38. Kd3 Rc1 39. Rxb2 Nd5 40. g3
Nxb4+ 41. Ke2 f5 42. Nf3 h6 43. Kd2 Rf1 44. Ke3 e4 45. Nd4+ Kd5 46. Rd2 Nd3 47.
Ra2 Re1+ 48. Ne2 Nc1 49. Ra5+ Ke6 50. Rxa6+ Kf7 51. Ra7+ Kf6 52. Kd2 Rxe2+ 53.
Kxc1 Rxf2 54. h4 g5 55. Ra6+ Ke5 56. Rxh6 gxh4 57. gxh4 f4 58. b4 e3 59. Rh8
Ra2 60. Kd1 f3 61. Re8+ Kf4 62. b5 e2+ 63. Ke1 Ra1+ 64. Kd2 Rd1+ 0-1

[Event "4th Budapest Open"]
[Site "Budapest, Hungary"]
[Date "2014.08.23"]
[Round "8.9"]
[White "Metaxasz, Vaszilisz"]
[Black "Yip, Michael"]
[Result "0-1"]
[WhiteElo "2062"]
[BlackElo "1916"]
[PlyCount "68"]
[EventDate "2014.??.??"]

1. c4 e6 2. g3 d5 3. Bg2 c6 4. Qc2 Nf6 5. Nf3 Nbd7 6. O-O Be7 7. b3 O-O 8. Bb2
b5 9. d3 Bb7 10. Nbd2 Qb6 11. a4 a5 12. Rab1 Rac8 13. e3 b4 14. Rbe1 c5 15.
cxd5 exd5 16. e4 c4 17. dxc4 dxe4 18. Ng5 h6 19. Ngxe4 Rfe8 20. Nxf6+ Nxf6 21.
Bxb7 Qxb7 22. Qf5 Red8 23. Ne4 Nxe4 24. Rxe4 Rc5 25. Re5 Rxe5 26. Qxe5 Bf6 27.
Qxa5 Ra8 28. Qb5 Qxb5 29. cxb5 Bxb2 30. Re1 Kf8 31. Re4 Bc3 32. b6 Ra6 33. a5
Rxa5 34. Rc4 Rb5 0-1

[Event "4th Budapest Open"]
[Site "Budapest, Hungary"]
[Date "2014.08.23"]
[Round "8.10"]
[White "Mester, Attila"]
[Black "Horvath, Dominik"]
[Result "1/2-1/2"]
[WhiteElo "2006"]
[BlackElo "2004"]
[PlyCount "25"]
[EventDate "2014.??.??"]

1. d4 Nf6 2. Nf3 g6 3. Nc3 d5 4. Bf4 Bg7 5. e3 O-O 6. Be2 c5 7. Ne5 Nc6 8. O-O
cxd4 9. exd4 Nd7 10. Nf3 Nf6 11. Ne5 Nd7 12. Nf3 Nf6 13. Ne5 1/2-1/2

[Event "4th Budapest Open"]
[Site "Budapest, Hungary"]
[Date "2014.08.23"]
[Round "8.11"]
[White "Lakat, Gyula"]
[Black "Bodrogi, Mihaly"]
[Result "0-1"]
[WhiteElo "1756"]
[BlackElo "2081"]
[PlyCount "62"]
[EventDate "2014.??.??"]

1. e4 c5 2. d4 cxd4 3. c3 Qa5 4. Nf3 Nc6 5. Bd3 d6 6. h3 g6 7. b4 Qb6 8. b5 Ne5
9. Nxd4 Nxd3+ 10. Qxd3 Bg7 11. Be3 Qc7 12. O-O Nf6 13. Nd2 O-O 14. a4 Nd7 15.
f4 b6 16. Nc6 Nc5 17. Qc2 Bb7 18. Nd4 Rac8 19. f5 Nd7 20. Rac1 d5 21. fxg6 hxg6
22. exd5 Bxd5 23. c4 Bb7 24. N2b3 Qg3 25. Nf3 Ne5 26. Nbd2 Bxf3 27. Nxf3 Rxc4
28. Qd1 Rxc1 29. Bxc1 Rc8 30. Nh2 Nd3 31. Bd2 Bd4+ 0-1

[Event "4th Budapest Open"]
[Site "Budapest, Hungary"]
[Date "2014.08.23"]
[Round "8.12"]
[White "Kovacs, Judit"]
[Black "Lam, Daniel King-wai"]
[Result "1/2-1/2"]
[WhiteElo "1729"]
[BlackElo "2114"]
[PlyCount "94"]
[EventDate "2014.??.??"]

1. c4 g6 2. g3 Bg7 3. Bg2 d6 4. Nc3 Nf6 5. Nf3 O-O 6. O-O Nbd7 7. d3 e5 8. Rb1
a5 9. a3 Re8 10. Nd2 Nc5 11. Nb3 Nfd7 12. Nxc5 Nxc5 13. Be3 f5 14. Bxc5 dxc5
15. Qc2 c6 16. b4 cxb4 17. axb4 axb4 18. Rxb4 Bf8 19. Rb2 Ra3 20. Na4 Qa5 21.
Nb6 Be6 22. Rfb1 Bc5 23. Rb3 Ra2 24. R3b2 Ra3 25. Rb3 Ra2 26. R3b2 Rxb2 27.
Qxb2 f4 28. Bf3 Rf8 29. Kg2 Bd4 30. Qb4 Qxb4 31. Rxb4 g5 32. g4 Rd8 33. h3 h6
34. Be4 Rf8 35. Bf3 Rd8 36. Be4 Rf8 37. Bf3 Kh8 38. Rb1 Rg8 39. Rb3 Rf8 40. Rb4
Bc5 41. Rb3 Bd4 42. Rb1 Rg8 43. Rb4 Rd8 44. Rb1 Kg8 45. Be4 Rf8 46. Bf3 Rb8 47.
Be4 Rf8 1/2-1/2

[Event "4th Budapest Open"]
[Site "Budapest, Hungary"]
[Date "2014.08.23"]
[Round "8.13"]
[White "Rinyu, Janos"]
[Black "Nagy, Aron"]
[Result "0-1"]
[WhiteElo "1896"]
[BlackElo "2145"]
[PlyCount "80"]
[EventDate "2014.??.??"]

1. d4 d5 2. Bg5 h6 3. Bh4 c5 4. e4 dxe4 5. d5 Nf6 6. Nc3 g5 7. Bg3 a6 8. Qd2
Bg7 9. O-O-O b5 10. Qe3 Bf5 11. d6 e6 12. f3 exf3 13. gxf3 O-O 14. h4 g4 15.
Be2 Nbd7 16. Bf4 b4 17. Ne4 Nd5 18. Qd2 Nxf4 19. Qxf4 Nf6 20. Ng3 Bh7 21. fxg4
Nd5 22. Rxd5 exd5 23. Nf5 Bxf5 24. Qxf5 Qf6 25. Qxf6 Bxf6 26. Bf3 Rad8 27. Bxd5
Rxd6 28. Bc4 Rd4 29. Bxa6 Ra8 30. Bd3 Rxa2 31. Kb1 Ra7 32. Nf3 Rxg4 33. Nd2
Rxh4 34. Rg1+ Kf8 35. Ne4 Bd4 36. Re1 Re7 37. Re2 c4 38. Ng3 cxd3 39. Rxe7 Kxe7
40. Nf5+ Kf6 0-1

[Event "4th Budapest Open"]
[Site "Budapest, Hungary"]
[Date "2014.08.23"]
[Round "8.15"]
[White "Bodrogi, Laszlo"]
[Black "Abraham, Lajos"]
[Result "1-0"]
[WhiteElo "1956"]
[BlackElo "1803"]
[PlyCount "83"]
[EventDate "2014.??.??"]

1. d4 Nf6 2. c4 e6 3. Nc3 d5 4. Bg5 Be7 5. e3 c6 6. Nf3 Ne4 7. Nxe4 dxe4 8.
Bxe7 Qxe7 9. Nd2 Qb4 10. Qc2 f5 11. Be2 Nd7 12. c5 b5 13. cxb6 Qxb6 14. O-O O-O
15. Nc4 Qc7 16. b4 Ba6 17. Rac1 Rac8 18. Rfe1 Bxc4 19. Bxc4 Qd6 20. Qb3 Rfe8
21. Ba6 Rb8 22. Qa4 Rb6 23. Bf1 a6 24. a3 Nb8 25. Red1 Kf7 26. Bc4 Rc8 27. Qa5
Qc7 28. Qxf5+ Ke7 29. Qxe6+ Kd8 30. Qg8+ Ke7 31. Qxg7+ Ke8 32. Qg8+ Ke7 33.
Qxh7+ Kd8 34. Qg8+ Kd7 35. Qf7+ Kd8 36. Qf8+ Kd7 37. Qf5+ Ke8 38. Qxe4+ Kf8 39.
Qf5+ Ke8 40. Bf7+ Ke7 41. Bd5 Rh8 42. Qf7+ 1-0